000 00320nam a2200133Ia 4500
008 191201s2005 xx 000 0 und d
082 _a004.3
_bKRC
100 _aKANT, Krishna
245 0 _aComputer-Based Industrial Control
260 _aN.Delhi
_bPHI
_c2005
300 _a522
650 _aB.Tech(ME)
942 _2ddc
_cBK
999 _c1043
_d1043